Sports Quiz

Random Sports Quiz
Score 0/88 Timer 08:00
0 Plays Today
Team Player % Correct
Miami MarlinsGiancarlo Stanton
98.8%
Atlanta BravesChipper Jones
98%
Baltimore OriolesAdam Jones
97.9%
Atlanta BravesAndruw Jones
97.9%
Cleveland IndiansJose Ramirez
97.2%
New York YankeesGiancarlo Stanton
97.2%
New York YankeesAaron Judge
97.2%
Anaheim AngelsMike Trout
96.5%
Detroit TigersMiguel Cabrera
96.3%
Boston Red SoxAdrian Gonzalez & Jacoby Ellsbury
96%
San Diego PadresAdrian Gonzalez
95.9%
Arizona DiamondbacksLuis Gonzalez
95.8%
Colorado RockiesCarlos Gonzalez
95.8%
Milwaukee BrewersRyan Braun
95%
Chicago CubsKris Bryant
94.8%
Toronto Blue JaysJosh Donaldson
94.8%
Miami MarlinsHanley Ramirez
94.5%
Philadelphia PhilliesRyan Howard
94.5%
St. Louis CardinalsAlbert Pujols
94.5%
Boston Red SoxJ.D. Martinez
94.4%
Boston Red SoxMookie Betts
93.8%
Toronto Blue JaysJose Bautista
93.6%
Houston AstrosJeff Bagwell
93.6%
San Francisco GiantsBarry Bonds
93.6%
Tampa Bay RaysEvan Longoria
93.5%
Milwaukee BrewersPrince Fielder
92.4%
Seattle MarinersRobinson Cano
92.3%
Cincinnati RedsJoey Votto
92.3%
Baltimore OriolesChris Davis
92.2%
Milwaukee BrewersChristian Yelich
91.7%
Team Player % Correct
Washington Nationals (Expos)Bryce Harper
91.7%
Philadelphia PhilliesChase Utley
90.4%
Anaheim AngelsVladimir Guerrero
90.2%
Washington Nationals (Expos)Vladimir Guerrero
90.2%
New York MetsDavid Wright
88.4%
New York YankeesCurtis Granderson
88.2%
Houston AstrosLance Berkman
88.2%
Texas RangersJosh Hamilton
87.5%
Kansas City RoyalsCarlos Beltran
87.5%
New York MetsCarlos Beltran
87.5%
Los Angeles DodgersMatt Kemp
87.1%
Colorado RockiesNolan Arenado
86.9%
Baltimore OriolesMiguel Tejada & Melvin Mora
86.4%
Oakland A'sMiguel Tejada
85.4%
Chicago White SoxCarlos Lee
85.3%
Chicago CubsDerrek Lee
85.3%
Texas RangersMark Teixeira
85.1%
Los Angeles DodgersJeff Kent
85%
San Francisco GiantsJeff Kent
85%
St. Louis CardinalsScott Rolen & Jim Edmonds
84.3%
Chicago White SoxJim Thome
84%
Cleveland IndiansJim Thome
84%
Oakland A'sJason Giambi
83.8%
Chicago CubsJavier Baez
83.3%
Minnesota TwinsKirby Puckett
81.5%
Houston AstrosAlex Bregman
80.6%
Cincinnati RedsKen Griffey Jr.
80%
Los Angeles DodgersAdrian Beltre
78.8%
Colorado RockiesCharlie Blackmon
77.8%
Oakland A'sMark McGwire & Geronimo Berroa
77.4%
Team Player % Correct
Chicago White SoxJermaine Dye
77.2%
Detroit TigersMagglio Ordonez
77.2%
Kansas City RoyalsJermaine Dye
77.2%
Pittsburgh PiratesJason Bay
76.4%
Arizona DiamondbacksPaul Goldschmidt
75.6%
Washington Nationals (Expos)Ryan Zimmerman
75.2%
Anaheim AngelsTroy Glaus
74.4%
Arizona DiamondbacksJay Bell & Steve Finley
72.4%
Cleveland IndiansTravis Hafner
71.8%
New York MetsMike Piazza & Edgardo Alfonzo
69.1%
Cincinnati RedsAdam Dunn
67.8%
Kansas City RoyalsMike Sweeney
66.2%
Texas RangersAlfonso Soriano
65%
Seattle MarinersBret Boone
62.2%
Pittsburgh PiratesBrian Giles
61.4%
San Francisco GiantsMatt Williams
59.9%
Pittsburgh PiratesKevin Young
58%
Atlanta BravesGary Sheffield
57.2%
Toronto Blue JaysAaron Hill
50.9%
Philadelphia PhilliesBobby Abreu
50.3%
San Diego PadresGreg Vaughn
50.1%
Miami MarlinsDan Uggla
46.4%
Seattle MarinersRaul Ibanez
45.4%
Minnesota TwinsMichael Cuddyer
41.9%
San Diego PadresRyan Klesko
35.8%
St. Louis CardinalsRyan Ludwick
26.8%
Detroit TigersBobby Higginson
25.1%
Minnesota TwinsCorey Koskie
14.2%
Remove Ads.
Support Sporcle.
Get the best of Sporcle when you Go Orange. This ad-free experience offers more features, more stats, and more fun while also helping to support Sporcle. Thank you for becoming a member.

You're not logged in!

Compare scores with friends on all Sporcle quizzes.
OR
Log In

Show Comments

Extras

Top Quizzes Today


Score Distribution

Your Account Isn't Verified!

In order to create a playlist on Sporcle, you need to verify the email address you used during registration. Go to your Sporcle Settings to finish the process.

Report this User

Report this user for behavior that violates our Community Guidelines.

Details: